[Event "Bijnor op"]
[Site "Bijnor"]
[Date "2023.12.02"]
[Round "6"]
[White "Prabindra, Mani Verma"]
[Black "Wazeer Ahmad, Khan"]
[Result "0-1"]
[WhiteElo "1273"]
[BlackElo "1686"]
[PlyCount "76"]
[EventDate "2023.11.30"]
[EventType "swiss"]
[EventRounds "7"]
[EventCountry "IND"]
[SourceTitle "CB50_2023"]
[SourceDate "2023.12.13"]
[SourceVersion "1"]
[SourceVersionDate "2023.12.13"]
[SourceQuality "1"]

1. e4 d5 2. exd5 Nf6 3. d4 Nxd5 4. c4 Nb6 5. Nc3 c6 6. h3 Bf5 7. Nf3 e6 8. Be2 N8d7 9. 0-0 Nf6 10. Nh4 Bg6 11. Nxg6 hxg6 12. a3 Qc7 13. b3 Be7 14. Bf3 Rd8 15. Ne2 e5 16. Qe1 e4 17. Bf4 Qd7 18. Bg4 Nxg4 19. hxg4 Qxg4 20. f3 exf3 21. Rxf3 Kf8 22. Rg3 Qd7 23. a4 Kg8 24. Re3 Nc8 25. Rd1 Nd6 26. Ng3 Bf6 27. Kf2 Rh4 28. Bxd6 Qxd6 29. Re8+ Kh7 30. Re4 c5 31. Rxh4+ Bxh4 32. Qe3 cxd4 33. Qf3 f5 34. Rh1 Qf6 35. Kf1 Qg5 36. Kf2 f4 37. Kg1 fxg3 38. Qd1 Qe3+ 0-1